| 000 | 01149cam a22003375i 4500 | ||
|---|---|---|---|
| 999 |
_c22504 _d22476 |
||
| 001 | 17066499 | ||
| 003 | EG-ScBUE | ||
| 005 | 20201203113833.0 | ||
| 008 | 111130s2013 stka frbd 001 0 eng d | ||
| 020 | _a9780702049484 | ||
| 040 |
_aDNLM/DLC _beng _erda _cDLC _dDLC _dEG-ScBUE |
||
| 082 | 0 | 4 |
_a617.63 _bSCU _222 |
| 100 | 1 |
_aScully, Crispian, _eauthor. _939068 |
|
| 245 | 1 | 0 |
_aOral and maxillofacial medicine : _bthe basis of diagnosis and treatment / _cCrispian Scully. |
| 250 | _aThird edition. | ||
| 264 | 1 |
_aEdinburgh ; _aNew York : _bChurchill Livingstone / Elsevier, _c2013. |
|
| 300 |
_axi, 435 pages : _billustrations (color) ; _c29 cm |
||
| 336 |
_atext _btxt _2rdacontent |
||
| 337 |
_aunmediated _bn _2rdamedia |
||
| 338 |
_avolume _bnc _2rdacarrier |
||
| 500 | _aGlossary : p. 411-412. | ||
| 500 | _aIndex : p. 413-435. | ||
| 504 | _aIncludes bibliographical references. | ||
| 650 | 7 |
_aOral medicine. _2BUEsh _941422 |
|
| 650 | 7 |
_aMouth _xDiseases _xDiagnosis _2BUEsh _941423 |
|
| 650 | 7 |
_aTooth Diseases _xDiagnosis. _2BUEsh |
|
| 651 | _2BUEsh | ||
| 653 |
_bDDENT _bPPhrm _cOctober2016 |
||
| 655 |
_vText book _933728 |
||
| 942 |
_2ddc _cBB |
||